Внедрение и исследование характеристик полифазных керамических композитов ZrB2-ZrC-SiC-BN-CNT; Научная инициатива иностранных студентов и аспирантов; Т. 1

Dades bibliogràfiques
Parent link:Научная инициатива иностранных студентов и аспирантов: сборник докладовI Международной научно-практической конференции, Томск, 27-29 апреля 2021 г./ Национальный исследовательский Томский политехнический университет, Школа базовой инженерной подготовки.— , 2021
Т. 1.— 2021.— [С. 261-263]
Autor principal: Хань Лян
Autor corporatiu: Национальный исследовательский Томский политехнический университет Инженерная школа новых производственных технологий Отделение материаловедения
Altres autors: Фотин И. А. (научный руководитель), Мировой Ю. А. Юрий Александрович, Буякова С. П. Светлана Петровна
Sumari:Заглавие с титульного экрана
В данной работе представлены результаты исследований полифазных керамических материалов, обоснован выбор их состава. Было обнаружено, что добавление углеродных нанотрубок MWCNT в состав полифазной керамики обеспечивает увеличение твердости.
This paper presents the results of studies of polyphase ceramic materials, justifies the choice of their composition. An X-ray phase study of the obtained composites has been carried out. It has been found that the addition of MWCNT carbon nanotubes to polyphase ceramics provides an increase in hardness.
Idioma:rus
Publicat: 2021
Col·lecció:Актуальные проблемы инженерных наук
Matèries:
Accés en línia:http://earchive.tpu.ru/handle/11683/67786
Format: Electrònic Capítol de llibre
KOHA link:https://koha.lib.tpu.ru/cgi-bin/koha/opac-detail.pl?biblionumber=633059

MARC

LEADER 00000naa2a2200000 4500
001 633059
005 20231101133737.0
035 |a (RuTPU)RU\TPU\conf\34792 
035 |a RU\TPU\conf\34770 
090 |a 633059 
100 |a 20210624d2021 k y0rusy50 ca 
101 0 |a rus  |d eng 
102 |a RU 
105 |a y z 101zy 
135 |a drcn ---uucaa 
181 0 |a i  
182 0 |a b 
200 1 |a Внедрение и исследование характеристик полифазных керамических композитов ZrB2-ZrC-SiC-BN-CNT  |f Хань Лян, И. А. Фотин, Ю. А. Мировой  |g науч. рук. С. П. Буякова 
203 |a Текст  |c электронный 
225 1 |a Актуальные проблемы инженерных наук 
230 |a 1 компьютерный файл (pdf; 660 Kb) 
300 |a Заглавие с титульного экрана 
320 |a [Библиогр.: с. 263 (3 назв.)] 
330 |a В данной работе представлены результаты исследований полифазных керамических материалов, обоснован выбор их состава. Было обнаружено, что добавление углеродных нанотрубок MWCNT в состав полифазной керамики обеспечивает увеличение твердости. 
330 |a This paper presents the results of studies of polyphase ceramic materials, justifies the choice of their composition. An X-ray phase study of the obtained composites has been carried out. It has been found that the addition of MWCNT carbon nanotubes to polyphase ceramics provides an increase in hardness. 
461 1 |0 (RuTPU)RU\TPU\conf\34751  |t Научная инициатива иностранных студентов и аспирантов  |o сборник докладовI Международной научно-практической конференции, Томск, 27-29 апреля 2021 г.  |o в 2 т.  |f Национальный исследовательский Томский политехнический университет, Школа базовой инженерной подготовки  |d 2021 
463 1 |0 (RuTPU)RU\TPU\conf\34753  |t Т. 1  |v [С. 261-263]  |d 2021 
610 1 |a труды учёных ТПУ 
610 1 |a электронный ресурс 
610 1 |a внедрение 
610 1 |a исследования 
610 1 |a керамические композиты 
610 1 |a керамические материалы 
610 1 |a углеродные нанотрубки 
610 1 |a твердость 
700 0 |a Хань Лян 
701 1 |a Фотин  |b И. А. 
701 1 |a Мировой  |b Ю. А.  |c специалист в области материаловедения  |c ассистент кафедры Томского политехнического университета  |f 1992-  |g Юрий Александрович  |2 stltpush  |3 (RuTPU)RU\TPU\pers\39958 
702 1 |a Буякова  |b С. П.  |c специалист в области материаловедения  |c профессор Томского политехнического университета, доктор технических наук  |f 1968-  |g Светлана Петровна  |2 stltpush  |4 727 
712 0 2 |a Национальный исследовательский Томский политехнический университет  |b Инженерная школа новых производственных технологий  |b Отделение материаловедения  |h 7871  |2 stltpush  |3 (RuTPU)RU\TPU\col\23508 
801 2 |a RU  |b 63413507  |c 20210625  |g RCR 
856 4 |u http://earchive.tpu.ru/handle/11683/67786 
942 |c BK